[Event "Verbandsliga Mittelrhein-Ost 1213"]
[Site "Germany"]
[Date "2013.01.13"]
[Round "6.2"]
[White "Eising, Johannes"]
[Black "Christensen, Niels"]
[Result "1-0"]
[WhiteElo "2120"]
[BlackElo "2153"]
[PlyCount "79"]
[EventDate "2012.09.09"]
[EventType "team"]
[EventRounds "11"]
[EventCountry "GER"]
[SourceTitle "EXT 2015"]
[Source "ChessBase"]
[SourceDate "2014.11.20"]
[SourceVersion "1"]
[SourceVersionDate "2014.11.20"]
[SourceQuality "1"]
[WhiteTeam "Koeln Porz III"]
[BlackTeam "Bonn Beuel"]
[WhiteTeamCountry "GER"]
[BlackTeamCountry "GER"]

1. c4 c6 2. e4 d5 3. exd5 cxd5 4. d4 Nf6 5. Nc3 Nc6 6. Nf3 Bg4 7. cxd5 Nxd5 8. Qb3 Bxf3 9. gxf3 e6 10. Qxb7 Nxd4 11. Bb5+ Nxb5 12. Qc6+ Ke7 13. Qxb5 Qd7 14. Qb3 Nxc3 15. bxc3 f6 16. Be3 Kf7 17. Rb1 Be7 18. 0-0 Rhd8 19. Rfd1 Qc7 20. Rxd8 Rxd8 21. Qb7 Rd7 22. Qxc7 Rxc7 23. Rb5 e5 24. Ra5 Ke6 25. Bxa7 Rxc3 26. a4 Ra3 27. Be3 f5 28. Ra7 Ra1+ 29. Kg2 g5 30. a5 h5 31. a6 f4 32. Bb6 g4 33. Ra8 e4 34. fxe4 f3+ 35. Kg3 Bg5 36. h3 Rh1 37. hxg4 Rg1+ 38. Kxf3 hxg4+ 39. Ke2 Rb1 40. a7 1-0

[Event "Verbandsliga Mittelrhein-Ost 1213"]
[Site "Germany"]
[Date "2012.10.21"]
[Round "3.2"]
[White "Eising, Johannes"]
[Black "Schott, Guido"]
[Result "1-0"]
[WhiteElo "2120"]
[BlackElo "2055"]
[PlyCount "81"]
[EventDate "2012.09.09"]
[EventType "team"]
[EventRounds "11"]
[EventCountry "GER"]
[SourceTitle "EXT 2015"]
[Source "ChessBase"]
[SourceDate "2014.11.20"]
[SourceVersion "1"]
[SourceVersionDate "2014.11.20"]
[SourceQuality "1"]
[WhiteTeam "Koeln Porz III"]
[BlackTeam "Hennef"]
[WhiteTeamCountry "GER"]
[BlackTeamCountry "GER"]

1. c4 c5 2. Nf3 Nc6 3. d4 cxd4 4. Nxd4 g6 5. e4 Bg7 6. Be3 Nf6 7. Nc3 d6 8. Be2 0-0 9. h3 Bd7 10. 0-0 Rc8 11. Nc2 Ne5 12. b3 Bc6 13. f3 Nh5 14. Qe1 b5 15. cxb5 Bxb5 16. Nxb5 Rxc2 17. Nd4 Rc8 18. Rd1 Nd7 19. Bc4 Nb6 20. Ba6 Rc7 21. Qd2 d5 22. Ne2 e5 23. exd5 Qd6 24. Nc3 Ng3 25. Nb5 Nxf1 26. Kxf1 Qd7 27. Nxc7 Qxc7 28. d6 Qd7 29. a4 Rd8 30. Bb5 Qb7 31. a5 Nc8 32. Qd5 Qxd5 33. Rxd5 Rxd6 34. Rxd6 Nxd6 35. Ba6 e4 36. Bxa7 Bc3 37. Bc5 Ne8 38. b4 Nc7 39. Bc4 e3 40. a6 Kg7 41. a7 1-0

[Event "Mittelrhein Verbandsliga-O 1112"]
[Site "Germany"]
[Date "2012.05.06"]
[Round "10"]
[White "Wecker, Martin"]
[Black "Eising, Johannes"]
[Result "0-1"]
[WhiteElo "2015"]
[BlackElo "2115"]
[PlyCount "136"]
[EventDate "2011.09.18"]
[EventType "team-tourn"]
[EventRounds "11"]
[EventCountry "GER"]
[SourceTitle "EXT 2013"]
[Source "ChessBase"]
[SourceDate "2012.11.22"]
[SourceVersion "1"]
[SourceVersionDate "2012.11.22"]
[SourceQuality "1"]
[WhiteTeam "Godesberg IV"]
[BlackTeam "Koeln Porz III"]
[WhiteTeamCountry "GER"]
[BlackTeamCountry "GER"]

1. e4 g6 2. d4 Bg7 3. Nc3 d6 4. Be3 c6 5. h3 b5 6. Bd3 e5 7. Nf3 Nd7 8. d5 b4 9. dxc6 bxc3 10. cxd7+ Qxd7 11. bxc3 Bb7 12. Rb1 Nf6 13. Nd2 d5 14. Bg5 0-0 15. Bxf6 Bxf6 16. 0-0 Rac8 17. exd5 Bxd5 18. c4 Be6 19. Qf3 Kg7 20. Rb7 Rc7 21. Rfb1 Rfc8 22. R7b5 Qd8 23. Ne4 Bxc4 24. Bxc4 Rxc4 25. Qxf6+ Qxf6 26. Nxf6 Kxf6 27. Rb7 R8c7 28. R1b2 Ke6 29. Kf1 f5 30. Ke1 f4 31. Kd2 g5 32. Rxc7 Rxc7 33. Rb5 h5 34. g4 fxg3 35. fxg3 Kf5 36. Kd3 Rd7+ 37. Ke3 Rd1 38. h4 gxh4 39. gxh4 Rh1 40. Rb4 Rh3+ 41. Ke2 Ra3 42. Rb7 Rxa2 43. Kd3 e4+ 44. Kd4 Rxc2 45. Rf7+ Kg4 46. Rg7+ Kxh4 47. Kxe4 a5 48. Kf3 a4 49. Ra7 Rc3+ 50. Kf4 Rc4+ 51. Kf3 Kg5 52. Ra5+ Kg6 53. Kg3 h4+ 54. Kh3 Kf6 55. Kg2 Ke6 56. Kf2 Kd6 57. Ke2 h3 58. Kf2 Kc6 59. Kg1 Kb6 60. Ra8 Kb5 61. Kh2 Rc3 62. Rb8+ Kc4 63. Rb7 a3 64. Rb8 a2 65. Ra8 Kb3 66. Rb8+ Kc2 67. Ra8 Kb2 68. Rb8+ Rb3 0-1

[Event "Cologne-ch 55th"]
[Site "Cologne"]
[Date "2008.02.21"]
[Round "3"]
[White "Eising, Johannes"]
[Black "Khanukov, Boris"]
[Result "0-1"]
[WhiteElo "2283"]
[BlackElo "2384"]
[PlyCount "122"]
[EventDate "2008.01.29"]
[EventType "swiss"]
[EventRounds "7"]
[EventCountry "GER"]
[SourceTitle "EXT 2010"]
[Source "ChessBase"]
[SourceDate "2010.11.25"]
[SourceVersion "1"]
[SourceVersionDate "2010.11.25"]
[SourceQuality "1"]

1. c4 Nf6 2. Nf3 e6 3. g3 b6 4. Bg2 Bb7 5. 0-0 Be7 6. d4 0-0 7. Nc3 d6 8. Qc2 c5 9. e4 cxd4 10. Nxd4 Qc8 11. Qe2 Nbd7 12. b3 Re8 13. Bb2 Bf8 14. Rac1 a6 15. Kh1 Qc7 16. Qd2 Nc5 17. Rfe1 Rad8 18. h3 Qb8 19. Re2 g6 20. Rd1 Bg7 21. Ba1 Qa8 22. Qe1 Rc8 23. Nc2 Red8 24. Nd4 e5 25. Nc2 a5 26. Na3 Ne8 27. Nd5 Bxd5 28. Rxd5 a4 29. b4 Ne6 30. Rd3 N8c7 31. Kh2 Qb8 32. Qd1 b5 33. Rc2 bxc4 34. Rxc4 Qb6 35. Qc2 Ra8 36. Rd1 Ne8 37. Kg1 h5 38. h4 Nf6 39. Qe2 Bh6 40. Nc2 Ng4 41. Bf3 Rac8 42. Rf1 Rc7 43. Rxc7 Qxc7 44. Qd3 Rc8 45. Na3 Qb6 46. Bc3 Nxf2 47. Rxf2 Be3 48. Be1 Rc1 49. Bd1 Bxf2+ 50. Bxf2 Qxb4 51. Nb5 Rxd1+ 52. Qxd1 Qxb5 53. Qxd6 Qb1+ 54. Kh2 Qxe4 55. Qa3 Nd4 56. Bxd4 Qxd4 57. Kg2 e4 58. Kf1 Qd1+ 59. Kf2 Qd2+ 60. Kg1 e3 61. Qxa4 Qf2+ 0-1

[Event "GER-chT Seniors 13th"]
[Site "Dresden"]
[Date "2004.08.07"]
[Round "7"]
[White "Eising, Johannes"]
[Black "Hoeschele, Hans Ulrich"]
[Result "1-0"]
[WhiteElo "2291"]
[BlackElo "2157"]
[PlyCount "119"]
[EventDate "2004.08.01"]
[EventType "team"]
[EventRounds "7"]
[EventCountry "GER"]
[SourceTitle "CBM 103 Extra"]
[Source "ChessBase"]
[SourceDate "2005.01.01"]
[SourceVersion "1"]
[SourceVersionDate "2005.01.01"]
[SourceQuality "1"]

1. c4 Nf6 2. Nc3 c6 3. e4 e5 4. d4 d6 5. Nf3 Qc7 6. Be2 Be7 7. h3 Nbd7 8. Be3 a5 9. d5 0-0 10. 0-0 Nc5 11. Nd2 Ne8 12. Bg4 f5 13. Bxf5 Bxf5 14. exf5 Rxf5 15. Nde4 Nxe4 16. Nxe4 Rf7 17. f4 Bf6 18. f5 Be7 19. Rc1 Qd7 20. g4 a4 21. Qd3 Nc7 22. Bb6 cxd5 23. cxd5 Qb5 24. Qxb5 Nxb5 25. Rc4 Ra6 26. Be3 Bd8 27. Rfc1 Nc7 28. Rd1 h6 29. Kg2 Bh4 30. Nc3 a3 31. b3 Kh7 32. Ne4 Rd7 33. Kf3 Bd8 34. Kg3 Ra5 35. Nc3 Bf6 36. Bb6 Rc5 37. Bxc5 b5 38. Nxb5 Nxb5 39. Bb4 Rb7 40. Rd2 Ra7 41. h4 Nd4 42. Bc3 h5 43. Rdxd4 exd4 44. Bxd4 Bxd4 45. Rxd4 hxg4 46. Ra4 Re7 47. Kxg4 Re5 48. Rxa3 Rxd5 49. Kg5 Rd1 50. b4 Rg1+ 51. Kf4 Rh1 52. b5 Rxh4+ 53. Kg5 Rh2 54. b6 Rg2+ 55. Kf4 Rf2+ 56. Kg3 Rxf5 57. b7 Rg5+ 58. Kf4 Rb5 59. Rb3 Ra5 60. b8Q 1-0

[Event "Lohmar Elo 9900"]
[Site "Lohmar"]
[Date "2000.01.03"]
[Round "8"]
[White "Raabe, Joachim"]
[Black "Eising, Johannes"]
[Result "0-1"]
[WhiteElo "2129"]
[BlackElo "2327"]
[PlyCount "116"]
[EventDate "1999.12.26"]
[EventType "tourn"]
[EventRounds "9"]
[EventCountry "GER"]
[SourceTitle "EXT 2001"]
[Source "ChessBase"]
[SourceDate "2000.11.22"]
[SourceVersion "1"]
[SourceVersionDate "2000.11.22"]
[SourceQuality "1"]

1. c4 f5 2. Nf3 Nf6 3. Nc3 d6 4. g3 e5 5. d3 g6 6. Bg2 Bg7 7. 0-0 0-0 8. Rb1 a5 9. a3 c6 10. c5 e4 11. Ne1 d5 12. d4 Be6 13. e3 Nbd7 14. b4 axb4 15. axb4 b5 16. Bd2 Rf7 17. Ra1 Nf8 18. Rxa8 Qxa8 19. Nc2 g5 20. Qe2 Ra7 21. Rb1 Ng6 22. Qf1 f4 23. Ra1 f3 24. Bh1 Kf7 25. Rxa7+ Qxa7 26. Qa1 Qxa1+ 27. Nxa1 Bh3 28. Nb3 Ke6 29. Na5 Kd7 30. Nb3 Ne7 31. Na5 Nf5 32. Nb3 Ne8 33. Nd1 Bf6 34. Bc3 Bd8 35. Na1 Nf6 36. Nc2 h5 37. Nb2 h4 38. Nd1 Ng4 39. Be1 Ke6 40. Na1 Bc7 41. Nb3 hxg3 42. hxg3 Bxg3 43. fxg3 Nfxe3 44. Nf2 Nxf2 45. Bxf2 Nc2 46. Bxf3 exf3 47. Nd2 Bg4 48. Nf1 Bf5 49. Be3 g4 50. Kf2 Bd3 51. Nd2 Bc4 52. Nb1 Nxb4 53. Nc3 Nc2 54. Nb1 b4 55. Nd2 b3 56. Nb1 Nxe3 57. Kxe3 b2 58. Nc3 Ba2 0-1

[Event "Lohmar Elo 9900"]
[Site "Lohmar"]
[Date "1999.12.28"]
[Round "3"]
[White "Eising, Johannes"]
[Black "Gorshkova, Irina"]
[Result "1/2-1/2"]
[WhiteElo "2327"]
[BlackElo "2090"]
[PlyCount "25"]
[EventDate "1999.12.26"]
[EventType "tourn"]
[EventRounds "9"]
[EventCountry "GER"]
[SourceTitle "EXT 2001"]
[Source "ChessBase"]
[SourceDate "2000.11.22"]
[SourceVersion "1"]
[SourceVersionDate "2000.11.22"]
[SourceQuality "1"]

1. c4 Nf6 2. Nc3 d5 3. cxd5 Nxd5 4. g3 g6 5. Bg2 c6 6. Qb3 Nb6 7. Nf3 Bg7 8. d3 Be6 9. Qc2 Na6 10. Ng5 Bf5 11. a3 0-0 12. 0-0 h6 13. Nge4 1/2-1/2

[Event "Oberliga Sued W 9798"]
[Site "Germany"]
[Date "1998.??.??"]
[Round "?"]
[White "Haas, Frank Martin"]
[Black "Eising, Johannes"]
[Result "1/2-1/2"]
[WhiteElo "2200"]
[BlackElo "2310"]
[PlyCount "45"]
[EventDate "1997.10.??"]
[EventType "team"]
[EventRounds "9"]
[EventCountry "GER"]
[SourceTitle "EXT 2000"]
[Source "ChessBase"]
[SourceDate "1999.11.16"]
[SourceVersion "1"]
[SourceVersionDate "1999.11.16"]
[SourceQuality "1"]

1. e4 g6 2. d4 Bg7 3. Bc4 d6 4. Nf3 Nf6 5. Qe2 0-0 6. 0-0 c6 7. Bb3 Bg4 8. Nbd2 e5 9. dxe5 dxe5 10. h3 Bxf3 11. Nxf3 Nbd7 12. c3 h6 13. Nh2 Qe7 14. Ng4 Kh7 15. g3 Nc5 16. Bc2 Ncxe4 17. Bxe4 Nxe4 18. Qxe4 f5 19. Qe2 fxg4 20. Qxg4 e4 21. Rd1 Rad8 22. Be3 c5 23. h4 1/2-1/2

[Event "Cologne KS op"]
[Site "Cologne"]
[Date "1997.04.05"]
[Round "8"]
[White "Eising, Johannes"]
[Black "Heedt, Thorsten"]
[Result "1/2-1/2"]
[WhiteElo "2315"]
[BlackElo "2124"]
[PlyCount "34"]
[EventDate "1997.03.29"]
[EventType "swiss"]
[EventRounds "9"]
[EventCountry "GER"]
[SourceTitle "EXT 2006"]
[Source "ChessBase"]
[SourceDate "2005.11.24"]
[SourceVersion "1"]
[SourceVersionDate "2005.11.24"]
[SourceQuality "1"]

1. c4 Nf6 2. Nc3 g6 3. e4 d6 4. d4 Bg7 5. f3 0-0 6. Be3 e5 7. d5 Nh5 8. Qd2 f5 9. 0-0-0 Nd7 10. Bd3 Ndf6 11. Nge2 a6 12. h3 fxe4 13. fxe4 Nd7 14. Rhf1 Nc5 15. Bc2 b5 16. g4 Nf6 17. Ng3 bxc4 1/2-1/2

[Event "Cologne KS op"]
[Site "Cologne"]
[Date "1997.04.03"]
[Round "6"]
[White "Eising, Johannes"]
[Black "Hubert, Ralf"]
[Result "0-1"]
[WhiteElo "2315"]
[BlackElo "2355"]
[PlyCount "77"]
[EventDate "1997.03.29"]
[EventType "swiss"]
[EventRounds "9"]
[EventCountry "GER"]
[SourceTitle "EXT 2006"]
[Source "ChessBase"]
[SourceDate "2005.11.24"]
[SourceVersion "1"]
[SourceVersionDate "2005.11.24"]
[SourceQuality "1"]

1. g3 e5 2. c4 Nf6 3. Bg2 c6 4. Nf3 e4 5. Nd4 d5 6. cxd5 Qxd5 7. e3 c5 8. Nc3 Qd8 9. Nde2 Bf5 10. Qa4+ b5 11. Qxb5+ Nbd7 12. g4 Rb8 13. Qa4 Rb4 14. Qc6 Rb6 15. Qa4 Nxg4 16. Bxe4 Rb4 17. Qc6 Nge5 18. Qd5 Be6 19. Qa8 Nd3+ 20. Kf1 Bh3+ 21. Kg1 Qxa8 22. Bxa8 Rg4+ 23. Ng3 h5 24. f3 Rg6 25. Be4 N7e5 26. f4 f5 27. Bg2 Bxg2 28. Kxg2 h4 29. fxe5 hxg3 30. h4 Nf2 31. Rg1 Rxh4 32. Kf3 Nd3 33. Rxg3 Rxg3+ 34. Kxg3 Rh1 35. e4 f4+ 36. Kg4 Rg1+ 37. Kf3 g5 38. Ke2 c4 39. b3 0-1

[Event "Oberliga Sued W 9697"]
[Site "Germany"]
[Date "1997.??.??"]
[Round "?"]
[White "Krieger, Hermann"]
[Black "Eising, Johannes"]
[Result "1/2-1/2"]
[WhiteElo "2190"]
[BlackElo "2320"]
[PlyCount "60"]
[EventDate "1996.10.??"]
[EventType "team"]
[EventRounds "9"]
[EventCountry "GER"]
[SourceTitle "EXT 2000"]
[Source "ChessBase"]
[SourceDate "1999.11.16"]
[SourceVersion "1"]
[SourceVersionDate "1999.11.16"]
[SourceQuality "1"]

1. e4 g6 2. d4 Bg7 3. Nc3 c6 4. Be3 d5 5. f3 dxe4 6. fxe4 Nf6 7. Nf3 Qb6 8. Qd2 Qxb2 9. Rb1 Qa3 10. Ne5 Qa5 11. Bc4 0-0 12. 0-0 Nbd7 13. Nxf7 Rxf7 14. e5 Nb6 15. Bxf7+ Kxf7 16. exf6 exf6 17. Ne4 Qxd2 18. Bxd2 Nc4 19. Rbe1 Bf5 20. Bb4 Rd8 21. g4 Bxe4 22. Rxe4 Rd7 23. Rfe1 Bf8 24. Bxf8 Kxf8 25. c3 Kf7 26. Kg2 Nd6 27. Rf4 Nc4 28. h4 Rd5 29. Rfe4 Rd7 30. Re6 Ne5 1/2-1/2

[Event "Oberliga NRW 9596 II"]
[Site "Germany"]
[Date "1996.??.??"]
[Round "?.6"]
[White "Kleff, Andre"]
[Black "Eising, Johannes"]
[Result "0-1"]
[WhiteElo "2170"]
[BlackElo "2320"]
[PlyCount "82"]
[EventDate "1995.10.??"]
[EventType "team"]
[EventRounds "9"]
[EventCountry "GER"]
[SourceTitle "GER"]
[Source "ChessBase"]
[SourceDate "1999.07.01"]
[SourceVersion "1"]
[SourceVersionDate "1999.07.01"]
[SourceQuality "1"]
[WhiteTeam "Hochheide"]
[BlackTeam "Enger Spenge"]
[WhiteTeamCountry "GER"]
[BlackTeamCountry "GER"]

1. d4 g6 2. Nf3 Bg7 3. e4 d6 4. Bc4 Nf6 5. Nbd2 Nxe4 6. Nxe4 d5 7. Bd3 dxe4 8. Bxe4 Nd7 9. 0-0 0-0 10. c3 c5 11. Be3 Qc7 12. h3 a6 13. Ne1 cxd4 14. Bxd4 e5 15. Be3 Nf6 16. Bf3 Be6 17. Nc2 h6 18. Qc1 Kh7 19. Be2 Nd5 20. c4 Nxe3 21. Nxe3 e4 22. Rb1 Rad8 23. b3 f5 24. Rd1 f4 25. Nd5 Qe5 26. f3 Bf5 27. Kh1 b5 28. a4 bxc4 29. bxc4 exf3 30. Bxf3 Bxb1 31. Qxb1 Qd6 32. Qd3 Kh8 33. c5 Qxc5 34. Qxg6 Rd6 35. Qb1 a5 36. Rc1 Qd4 37. Ne7 Qf6 38. Nd5 Qh4 39. Qb5 Re6 40. Qxa5 Rfe8 41. Rf1 Re1 0-1

[Event "Oberliga NRW 9394 II"]
[Site "Germany"]
[Date "1994.??.??"]
[Round "?"]
[White "Eising, Johannes"]
[Black "Scheffner, Axel"]
[Result "0-1"]
[WhiteElo "2310"]
[BlackElo "2275"]
[PlyCount "75"]
[EventDate "1993.10.??"]
[EventType "team"]
[EventRounds "9"]
[EventCountry "GER"]
[SourceTitle "GER"]
[Source "ChessBase"]
[SourceDate "1999.07.01"]
[SourceVersion "1"]
[SourceVersionDate "1999.07.01"]
[SourceQuality "1"]

1. c4 c6 2. e4 d5 3. exd5 cxd5 4. cxd5 Nf6 5. Nc3 g6 6. Nf3 Bg7 7. Bc4 0-0 8. 0-0 Nbd7 9. d3 Nb6 10. Qb3 Bf5 11. Bf4 Ne8 12. Rfe1 Nd6 13. Nb5 Nbc8 14. a4 Nxb5 15. axb5 Nd6 16. h3 h6 17. Re3 Bd7 18. Rae1 g5 19. Be5 Bf6 20. Nd2 Nf5 21. Re4 Qb6 22. Qd1 Nd6 23. R4e3 Nf5 24. Re4 Nd6 25. R4e3 Nf5 26. Re4 Bxb5 27. Qf3 Bd7 28. d6 Nxd6 29. Bxf6 exf6 30. Re7 Nxc4 31. Nxc4 Qc6 32. Qe3 Rfe8 33. Qd4 Kf8 34. R7e3 Rxe3 35. Rxe3 Re8 36. Nd6 Rxe3 37. fxe3 Be6 38. Ne4 0-1

[Event "BL2-West 9293"]
[Site "Germany"]
[Date "1993.??.??"]
[Round "?.5"]
[White "Eising, Johannes"]
[Black "Sieglen, Joachim"]
[Result "0-1"]
[WhiteElo "2330"]
[BlackElo "2360"]
[PlyCount "67"]
[EventDate "1992.10.??"]
[EventType "team-tourn"]
[EventRounds "9"]
[EventCountry "GER"]
[SourceTitle "GER-chT2"]
[Source "ChessBase"]
[SourceDate "1999.07.01"]
[SourceVersion "1"]
[SourceVersionDate "1999.07.01"]
[SourceQuality "1"]
[WhiteTeam "Enger Spenge"]
[BlackTeam "Godesberg"]
[WhiteTeamCountry "GER"]
[BlackTeamCountry "GER"]

1. g3 Nf6 2. Bg2 d5 3. Nf3 e6 4. 0-0 Be7 5. c4 0-0 6. d4 b6 7. Nc3 Bb7 8. Ne5 Na6 9. Bg5 h6 10. Bxf6 Bxf6 11. e3 c6 12. Qh5 Bxe5 13. dxe5 Qe7 14. Rad1 Rad8 15. Rd4 Nb8 16. Rfd1 dxc4 17. Ne4 Rxd4 18. Rxd4 Rd8 19. Nd6 Ba6 20. Rg4 f6 21. Be4 Rxd6 22. exd6 Qd7 23. Bg6 Kf8 24. Rd4 c5 25. Rd2 Bb7 26. Qe2 f5 27. e4 Bxe4 28. f3 Bb7 29. Qxc4 Nc6 30. Qf4 Nd4 31. Bh5 Kg8 32. Kf2 Kh7 33. Rxd4 cxd4 34. g4 0-1

[Event "BL2-West 9293"]
[Site "Germany"]
[Date "1993.??.??"]
[Round "?.4"]
[White "Winterstein, Wolfgang"]
[Black "Eising, Johannes"]
[Result "1-0"]
[WhiteElo "2310"]
[BlackElo "2330"]
[PlyCount "80"]
[EventDate "1992.10.??"]
[EventType "team-tourn"]
[EventRounds "9"]
[EventCountry "GER"]
[SourceTitle "GER-chT2"]
[Source "ChessBase"]
[SourceDate "1999.07.01"]
[SourceVersion "1"]
[SourceVersionDate "1999.07.01"]
[SourceQuality "1"]
[WhiteTeam "Frankfurt"]
[BlackTeam "Enger Spenge"]
[WhiteTeamCountry "GER"]
[BlackTeamCountry "GER"]

1. e4 g6 2. d4 Bg7 3. Nc3 d6 4. f4 Nf6 5. Nf3 c5 6. Bb5+ Bd7 7. e5 Ng4 8. e6 Bxb5 9. exf7+ Kd7 10. Nxb5 Qa5+ 11. Nc3 cxd4 12. Nxd4 Bxd4 13. Qxd4 Nc6 14. Qc4 Rac8 15. Bd2 Qa6 16. Qxa6 bxa6 17. 0-0 Rhf8 18. Ne4 Rxf7 19. h3 Nf6 20. Nxf6+ Rxf6 21. Bc3 Rf5 22. Rf3 Rcf8 23. Raf1 Rc5 24. g4 e6 25. Kg2 Ne7 26. R1f2 Rfc8 27. Bd4 Rxc2 28. Bxa7 Rxf2+ 29. Rxf2 Rc4 30. b3 Rc3 31. Rf3 Rc1 32. a4 d5 33. Rd3 Nc6 34. Be3 Rc2+ 35. Kf3 Kd6 36. Kg3 Nb4 37. Rd4 Nc6 38. Rd3 Rb2 39. Bd2 d4 40. Bc1 Rc2 1-0